MARC

LEADER 00000nam0a2200000 4500
001 193320
005 20231031181845.0
035 |a (RuTPU)RU\TPU\book\210837 
090 |a 193320 
100 |a 20110322d1974 m y0rusy50 ca 
101 0 |a rus 
102 |a RU 
105 |a a z 001zy 
200 1 |a Годы космической эры  |f А. Н. Пономарев 
210 |a Москва  |c Воениздат  |d 1974 
215 |a 291 с.  |c ил. 
320 |a Библиогр.: с. 289. 
610 1 |a космонавтика 
610 1 |a космос 
610 1 |a космическое пространство 
610 1 |a освоение 
610 1 |a космические корабли 
610 1 |a Союз 
610 1 |a Аполлон 
610 1 |a орбитальные станции 
610 1 |a Салют 
610 1 |a двигательные ракетные установки 
610 1 |a устройство 
675 |a 629.78  |v 3 
700 1 |a Пономарев  |b А. Н.  |g Александр Николаевич 
801 1 |a RU  |b 63413507  |c 20110322 
801 2 |a RU  |b 63413507  |c 20110426  |g RCR 
942 |c BK